Rational ritual :culture, coordination, and common knowledge / (Record no. 2385)

000 -LEADER
fixed length control field 01435cam a22003494a 4500
001 - CONTROL NUMBER
control field 12203355
003 - CONTROL NUMBER IDENTIFIER
control field OSt
005 - DATE AND TIME OF LATEST TRANSACTION
control field 20160714160604.0
008 - FIXED-LENGTH DATA ELEMENTS--GENERAL INFORMATION
fixed length control field 001017s2001 njua b 001 0 eng
010 ## - LIBRARY OF CONGRESS CONTROL NUMBER
LC control number 00051683
020 ## - INTERNATIONAL STANDARD BOOK NUMBER
International Standard Book Number 069100949X (alk. paper)
040 ## - CATALOGING SOURCE
Original cataloging agency DLC
Transcribing agency DLC
Modifying agency DLC
042 ## - AUTHENTICATION CODE
Authentication code pcc
050 00 - LIBRARY OF CONGRESS CALL NUMBER
Classification number HM651.C49 2001
082 00 - DEWEY DECIMAL CLASSIFICATION NUMBER
Classification number 306.4/2
Edition number 21
100 1# - MAIN ENTRY--PERSONAL NAME
Personal name Chwe, Michael Suk-Young,
Dates associated with a name 1965-
245 10 - TITLE STATEMENT
Title Rational ritual :culture, coordination, and common knowledge /
Statement of responsibility, etc Michael Suk-Young Chwe.
260 ## - PUBLICATION, DISTRIBUTION, ETC. (IMPRINT)
Place of publication, distribution, etc Princeton, N.J. :
Name of publisher, distributor, etc Princeton University Press,
Date of publication, distribution, etc c2001.
300 ## - PHYSICAL DESCRIPTION
Extent xiv, 130 p. :
Other physical details ill. ;
Dimensions 23 cm.
504 ## - BIBLIOGRAPHY, ETC. NOTE
Bibliography, etc Includes bibliographical references (p. [113]-126) and index.
650 #0 - SUBJECT ADDED ENTRY--TOPICAL TERM
Topical term or geographic name as entry element Knowledge, Sociology of.
650 #0 - SUBJECT ADDED ENTRY--TOPICAL TERM
Topical term or geographic name as entry element Cognition and culture.
650 #0 - SUBJECT ADDED ENTRY--TOPICAL TERM
Topical term or geographic name as entry element Collective behavior.
650 #0 - SUBJECT ADDED ENTRY--TOPICAL TERM
Topical term or geographic name as entry element Rites and ceremonies
General subdivision Social aspects.
650 #0 - SUBJECT ADDED ENTRY--TOPICAL TERM
Topical term or geographic name as entry element Rational choice theory.
856 41 - ELECTRONIC LOCATION AND ACCESS
Materials specified Sample text
Uniform Resource Identifier <a href="http://www.loc.gov/catdir/samples/prin031/00051683.html">http://www.loc.gov/catdir/samples/prin031/00051683.html</a>
856 41 - ELECTRONIC LOCATION AND ACCESS
Materials specified Table of contents
Uniform Resource Identifier <a href="http://www.loc.gov/catdir/toc/prin031/00051683.html">http://www.loc.gov/catdir/toc/prin031/00051683.html</a>
856 42 - ELECTRONIC LOCATION AND ACCESS
Materials specified Publisher description
Uniform Resource Identifier <a href="http://www.loc.gov/catdir/description/prin021/00051683.html">http://www.loc.gov/catdir/description/prin021/00051683.html</a>
906 ## - LOCAL DATA ELEMENT F, LDF (RLIN)
a 7
b cbc
c orignew
d 1
e ocip
f 20
g y-gencatlg
942 ## - ADDED ENTRY ELEMENTS (KOHA)
Source of classification or shelving scheme
Koha item type Book
Holdings
Withdrawn status Lost status Source of classification or shelving scheme Damaged status Not for loan Home library Current library Shelving location Date acquired Total Checkouts Full call number Barcode Date last seen Copy number Price effective from Koha item type
          Riara University Library Riara University Library General stack 14/07/2016   HM651.C49 2001 7294/16 17/08/2016 C.1 14/07/2016 Book

Riara University Library,
P.O. Box 49940-00100,
Nairobi, Kenya.